| 000 | 00642nam a2200205 a 4500 | ||
|---|---|---|---|
| 001 | 21510 | ||
| 003 | CO-ViMGA | ||
| 008 | 141112s2004 ck r 000 u spa d | ||
| 020 | _a8478646906 | ||
| 040 |
_aCO-ViMGA _bspa _cCO-ViMGA |
||
| 082 | 0 | 4 | _aCOUbe |
| 100 | 1 |
_aCourtin, Thierry _930718 |
|
| 245 | 1 | 0 | _aBebes juguetones |
| 260 |
_aBarcelona : _bCombel, _c2001 |
||
| 300 | _a20 | ||
| 590 | _aForma de adquisición : Donación fact. 8848 - - Precio : 30000 - - Proveedor : Fundación exito - - Fecha de adquisición : Junio 2007 | ||
| 650 | 1 | 4 |
_aCUENTOS INFANTILES _92743 |
| 650 | 1 | 4 |
_aLIBROS ILUSTRADOS PARA NIÑOS _92001 |
| 942 |
_2ddc _cBK |
||
| 999 |
_c30102 _d30102 |
||